000 00485nam a2200133 a 4500
008 120416s1967 ||||||||||||||||| || u
050 _aHT 175 Wil
100 _aWillman, John B
245 1 4 _aThe Department of housing and urban development
260 _aNew York
_bPraeger
_c1967
300 _axiii, 207p. : ill.
350 _a0.00
995 _D0.00
_FCBU-MAIN LIBRARY (Kitwe)
_H1
_I0.00
_UAVAILABLE
_ZMain Library Open Access Collection
999 _c39616
_d39616